<?xml version="1.0" encoding="UTF-8"?>
<record
    xmlns:xsi="http://www.w3.org/2001/XMLSchema-instance"
    xsi:schemaLocation="http://www.loc.gov/MARC21/slim http://www.loc.gov/standards/marcxml/schema/MARC21slim.xsd"
    xmlns="http://www.loc.gov/MARC21/slim">

  <leader>00978nam a2200301 a 4500</leader>
  <controlfield tag="001">5877</controlfield>
  <controlfield tag="003">BD-RjUL</controlfield>
  <controlfield tag="005">20211208234139.0</controlfield>
  <controlfield tag="008">160816t1980    enka     b    00110 eng</controlfield>
  <datafield tag="020" ind1=" " ind2=" ">
    <subfield code="a">0801645565</subfield>
  </datafield>
  <datafield tag="035" ind1=" " ind2=" ">
    <subfield code="a">(BD-RjUL)5916</subfield>
  </datafield>
  <datafield tag="040" ind1=" " ind2=" ">
    <subfield code="a">DLC</subfield>
    <subfield code="c">DLC</subfield>
    <subfield code="d">BOS</subfield>
    <subfield code="b">eng</subfield>
  </datafield>
  <datafield tag="041" ind1=" " ind2=" ">
    <subfield code="a">eng</subfield>
  </datafield>
  <datafield tag="082" ind1="0" ind2="4">
    <subfield code="2">23</subfield>
    <subfield code="a">363.2</subfield>
    <subfield code="b">SHP 1980</subfield>
  </datafield>
  <datafield tag="100" ind1="1" ind2="0">
    <subfield code="a">Shane, Paul G.,</subfield>
    <subfield code="d">1935-</subfield>
    <subfield code="9">18461</subfield>
  </datafield>
  <datafield tag="245" ind1="1" ind2="0">
    <subfield code="a">Police and people :</subfield>
    <subfield code="b">a comparison of five countries /</subfield>
    <subfield code="c">Paul G. Shane.</subfield>
  </datafield>
  <datafield tag="260" ind1=" " ind2=" ">
    <subfield code="a">St. Louis :</subfield>
    <subfield code="b">Mosby,</subfield>
    <subfield code="c">c1980.</subfield>
  </datafield>
  <datafield tag="300" ind1=" " ind2=" ">
    <subfield code="a">ix, 219 p. :</subfield>
    <subfield code="b">ill. ;</subfield>
    <subfield code="c">24 cm.</subfield>
  </datafield>
  <datafield tag="504" ind1=" " ind2=" ">
    <subfield code="a"> Includes Bibliographical reference and  index.</subfield>
  </datafield>
  <datafield tag="650" ind1=" " ind2="0">
    <subfield code="a">Police</subfield>
    <subfield code="x">Case studies.</subfield>
    <subfield code="9">18462</subfield>
  </datafield>
  <datafield tag="650" ind1=" " ind2="0">
    <subfield code="a">Police</subfield>
    <subfield code="z">United States</subfield>
    <subfield code="x">Case studies.</subfield>
    <subfield code="9">18463</subfield>
  </datafield>
  <datafield tag="650" ind1=" " ind2="0">
    <subfield code="a">Police</subfield>
    <subfield code="z">Israel</subfield>
    <subfield code="x">Case studies.</subfield>
    <subfield code="9">18464</subfield>
  </datafield>
  <datafield tag="650" ind1=" " ind2="0">
    <subfield code="a">Police</subfield>
    <subfield code="z">India</subfield>
    <subfield code="x">Case studies.</subfield>
    <subfield code="9">18465</subfield>
  </datafield>
  <datafield tag="650" ind1=" " ind2="0">
    <subfield code="a">Police</subfield>
    <subfield code="z">England</subfield>
    <subfield code="x">Case studies.</subfield>
    <subfield code="9">18466</subfield>
  </datafield>
  <datafield tag="650" ind1=" " ind2="0">
    <subfield code="a">Police</subfield>
    <subfield code="z">Netherlands</subfield>
    <subfield code="x">Case studies.</subfield>
    <subfield code="9">18467</subfield>
  </datafield>
  <datafield tag="942" ind1=" " ind2=" ">
    <subfield code="2">ddc</subfield>
    <subfield code="c">BK</subfield>
  </datafield>
  <datafield tag="999" ind1=" " ind2=" ">
    <subfield code="c">5877</subfield>
    <subfield code="d">5877</subfield>
  </datafield>
  <datafield tag="952" ind1=" " ind2=" ">
    <subfield code="0">0</subfield>
    <subfield code="1">0</subfield>
    <subfield code="2">ddc</subfield>
    <subfield code="4">0</subfield>
    <subfield code="7">0</subfield>
    <subfield code="8">NFIC</subfield>
    <subfield code="a">RUCL</subfield>
    <subfield code="b">RUCL</subfield>
    <subfield code="c">Stack</subfield>
    <subfield code="d">1983-12-26</subfield>
    <subfield code="e">Asia Foundation.</subfield>
    <subfield code="l">0</subfield>
    <subfield code="o">363.2 SHP 1980</subfield>
    <subfield code="r">2014-01-08 00:00:00</subfield>
    <subfield code="t">C-3</subfield>
    <subfield code="w">2021-12-08</subfield>
    <subfield code="y">BK</subfield>
  </datafield>
  <datafield tag="952" ind1=" " ind2=" ">
    <subfield code="0">0</subfield>
    <subfield code="1">0</subfield>
    <subfield code="2">ddc</subfield>
    <subfield code="4">0</subfield>
    <subfield code="7">0</subfield>
    <subfield code="8">NFIC</subfield>
    <subfield code="a">RUCL</subfield>
    <subfield code="b">RUCL</subfield>
    <subfield code="c">Stack</subfield>
    <subfield code="d">1983-12-26</subfield>
    <subfield code="e">Asia Foundation</subfield>
    <subfield code="l">0</subfield>
    <subfield code="o">363.2 SHP 1980</subfield>
    <subfield code="r">2016-08-16 00:00:00</subfield>
    <subfield code="t">C-2</subfield>
    <subfield code="w">2016-08-16</subfield>
    <subfield code="y">BK</subfield>
  </datafield>
  <datafield tag="952" ind1=" " ind2=" ">
    <subfield code="0">0</subfield>
    <subfield code="1">0</subfield>
    <subfield code="2">ddc</subfield>
    <subfield code="4">0</subfield>
    <subfield code="7">0</subfield>
    <subfield code="8">NFIC</subfield>
    <subfield code="a">RUCL</subfield>
    <subfield code="b">RUCL</subfield>
    <subfield code="c">Stack</subfield>
    <subfield code="d">1983-12-26</subfield>
    <subfield code="e">Asia Foundation</subfield>
    <subfield code="l">0</subfield>
    <subfield code="o">363.2 SHP 1980</subfield>
    <subfield code="r">2016-08-16 00:00:00</subfield>
    <subfield code="t">C-4</subfield>
    <subfield code="w">2016-08-16</subfield>
    <subfield code="y">BK</subfield>
  </datafield>
  <datafield tag="952" ind1=" " ind2=" ">
    <subfield code="0">0</subfield>
    <subfield code="1">0</subfield>
    <subfield code="2">ddc</subfield>
    <subfield code="4">0</subfield>
    <subfield code="7">0</subfield>
    <subfield code="8">NFIC</subfield>
    <subfield code="a">RUCL</subfield>
    <subfield code="b">RUCL</subfield>
    <subfield code="c">Stack</subfield>
    <subfield code="d">1983-12-26</subfield>
    <subfield code="e">Asia Foundation</subfield>
    <subfield code="l">0</subfield>
    <subfield code="o">363.2 SHP 1980</subfield>
    <subfield code="r">2016-08-16 00:00:00</subfield>
    <subfield code="t">C-5</subfield>
    <subfield code="w">2016-08-16</subfield>
    <subfield code="y">BK</subfield>
  </datafield>
</record>
